Statistics for Largest Cities in Francophonie

Click here to take the quiz!

General Stats

  • This quiz has been taken 65 times
  • The average score is 41 of 58

Answers on the Map

Answers color-coded by a green-red scale on the quiz's map according to % correct below.
 

Answer Stats

Pop. (M)City% Correct
11.0Paris
100%
1.9Rabat
100%
20.9Cairo
98%
1.7Lyon
98%
1.6Marseille
98%
4.2Montréal
98%
4.7Hanoi
96%
8.6Ho Chi Minh City
96%
14.3Kinshasa
96%
6.2Toronto
96%
3.2Athens
94%
3.8Casablanca
94%
2.6Vancouver
94%
1.8Bucharest
92%
2.4Tunis
92%
3.1Dakar
91%
1.4Ottawa
91%
5.3Alexandria
87%
1.3Sofia
87%
1.0Toulouse
87%
3.4Antananarivo
85%
2.4Brazzaville
83%
1.4N'Djaména
83%
4.0Yaoundé
83%
1.5Edmonton
79%
5.2Abidjan
77%
1.3Niamey
77%
2.1Phnom Penh
77%
2.6Bamako
75%
1.1Lille
75%
1.0Marrakesh
75%
1.3Nouakchott
75%
1.4Zürich
75%
1.5Calgary
74%
1.1Yerevan
72%
1.9Conakry
68%
1.2Fès
68%
3.7Douala
66%
2.1Brussels
64%
1.8Lomé
60%
1.2Tangier
58%
2.8Ouagadougou
57%
1.1Abomey-Calavi
51%
1.1Kigali
47%
2.5Lubumbashi
47%
2.8Port-au-Prince
47%
1.0Antwerp
45%
2.4Beirut
45%
1.1Da Nang
43%
1.0Bujumbura
38%
2.5Mbuji-Mayi
36%
1.2Pointe-Noire
30%
1.0Bien Hoa
28%
1.5Kananga
28%
1.3Kisangani
28%
1.3Hai Phòng
19%
1.6Can Tho
17%
1.1Bukavu
15%

Score Distribution

Percentile by Number Answered

Percent of People with Each Score

Your Score History

You have not taken this quiz